Textes fondamentaux du notariat béninois (Record no. 49583)
[ view plain ]
| 000 -LEADER | |
|---|---|
| fixed length control field | 00508nam a22001697a 4500 |
| 005 - DATE AND TIME OF LATEST TRANSACTION | |
| control field | 20160609170744.0 |
| 008 - FIXED-LENGTH DATA ELEMENTS--GENERAL INFORMATION | |
| fixed length control field | 110810t xxu||||| |||| 00| 0 eng d |
| 040 ## - SOURCE DU CATALOGAGE | |
| Original cataloging agency | BUAC |
| Language of cataloging | Fre |
| Transcribing agency | BUC |
| 041 ## - CODE DE LANGUE | |
| Language code of text/sound track or separate title | Fre |
| 245 ## - TITLE STATEMENT | |
| Title | Textes fondamentaux du notariat béninois |
| Statement of responsibility, etc | /République du Bénin |
| 260 ## - PUBLICATION, DISTRIBUTION, ETC. (IMPRINT) | |
| Place of publication, distribution, etc | Cotonou |
| Name of publisher, distributor, etc | Ed Sokemi |
| Date of publication, distribution, etc | 2007 |
| 300 ## - PHYSICAL DESCRIPTION | |
| Extent | 124p. |
| Dimensions | 21cm |
| 504 ## - BIBLIOGRAPHY, ETC. NOTE | |
| Bibliography, etc | Comprend : Annexes 117-145p |
| 630 ## - SUBJECT ADDED ENTRY--UNIFORM TITLE | |
| Uniform title | SCIENCES SOCIALES |
| 9 (RLIN) | 18099 |
| 650 ## - SUBJECT ADDED ENTRY--TOPICAL TERM | |
| Topical term or geographic name as entry element | Notariat : législation : Bénin |
| 9 (RLIN) | 18100 |
| 942 ## - ADDED ENTRY ELEMENTS (KOHA) | |
| Koha item type | Livre |
| Withdrawn status | Lost status | Damaged status | Not for loan | Location (home branch) | Sublocation or collection (holding branch) | Date acquired | Source of acquisition | Koha issues (times borrowed) | Koha full call number | Piece designation (barcode) | Koha date last seen | Copy number | Price effective from | Koha item type |
|---|---|---|---|---|---|---|---|---|---|---|---|---|---|---|
| Bibliothèque Universitaire Centrale | Bibliothèque Universitaire Centrale | Achat | 347.961(668)TEX | 10-070Buc | 11/08/2011 | 1 | 11/08/2011 | Livre | ||||||
| Bibliothèque Universitaire Centrale | Bibliothèque Universitaire Centrale | Achat | 347.961(668)TEX | 10-071Buc | 11/08/2011 | 2 | 11/08/2011 | Livre |